Contratos : (Registro nro. 30717)
[ vista simple ]
| 000 -LEADER | |
|---|---|
| fixed length control field | 02074nam a2200301Ia 4500 |
| 003 - CONTROL NUMBER IDENTIFIER | |
| control field | CO-CtgCURN |
| 005 - DATE AND TIME OF LATEST TRANSACTION | |
| control field | 20250409212017.0 |
| 008 - FIXED-LENGTH DATA ELEMENTS--GENERAL INFORMATION | |
| fixed length control field | 220303s9999 xx 000 0 und d |
| 020 ## - INTERNATIONAL STANDARD BOOK NUMBER | |
| International Standard Book Number | 9789587970036 |
| 040 ## - CATALOGING SOURCE | |
| Original cataloging agency | CO-CtgCURN |
| Language of cataloging | spa |
| Transcribing agency | coctgcurn |
| 082 ## - DEWEY DECIMAL CLASSIFICATION NUMBER | |
| Classification number | 346.02 |
| Item number | C266c |
| 100 ## - MAIN ENTRY--PERSONAL NAME | |
| Personal name | Cárdenas Mejía, Juan Pablo |
| Relator term | autor |
| 9 (RLIN) | 8163 |
| 245 #0 - TITLE STATEMENT | |
| Title | Contratos : |
| Remainder of title | notas de clase / |
| Statement of responsibility, etc. | Juan Pablo Cárdenas Mejía |
| 250 ## - EDITION STATEMENT | |
| Edition statement | 1 edición |
| 260 ## - PUBLICATION, DISTRIBUTION, ETC. | |
| Place of publication, distribution, etc. | Bogotá, Colombia : |
| Name of publisher, distributor, etc. | Legis, |
| Date of publication, distribution, etc. | 2021 |
| 300 ## - PHYSICAL DESCRIPTION | |
| Extent | 1025 páginas ; |
| Dimensions | 23 centímetros |
| 500 ## - GENERAL NOTE | |
| General note | Incluye índice |
| 504 ## - BIBLIOGRAPHY, ETC. NOTE | |
| Bibliography, etc. note | Incluye referencias bibliográficas |
| 505 ## - FORMATTED CONTENTS NOTE | |
| Formatted contents note | Cap.1. Conceptos fundamentales -- Cap.2. Acuerdos precontractuales -- Cap.3. Contrato de compraventa -- Cap.4. Permuta -- Cap.5. Cesión del derecho de herencia -- Cap.6. Cesión de derechos litigiosos -- Cap.7. Contrato de suministro -- Cap.8. Contrato de arrendamiento de cosas -- Cap.9. Contrato de obra o empresa -- Cap.10. El mandato y la representación -- Cap.11. El contrato de agencia -- Cap.12. Las garantías mobiliarias. |
| 520 ## - SUMMARY, ETC. | |
| Summary, etc. | Esta obra busca suministrar a quienes la consultan los elementos fundamentales del curso de contratos civiles y comerciales. A tal efecto, la primera parte aborda algunos aspectos básicos como son el fundamento del contrato, la influencia de la Constitución Política en el régimen contractual, el contrato y el desarrollo del comercio internacional, la noción de contrato, y la interpretación, calificación e integración del mismo. También se examinan algunos problemas contemporáneos del derecho contractual colombiano, como el régimen de protección al consumidor, las obligaciones de información y las cláusulas abusivas. |
| 521 ## - TARGET AUDIENCE NOTE | |
| Target audience note | AREA PROFESIONAL |
| 590 ## - LOCAL NOTE (RLIN) | |
| Local note | Programa de Derecho_18 |
| 650 ## - SUBJECT ADDED ENTRY--TOPICAL TERM | |
| Topical term or geographic name entry element | Contratos |
| Geographic subdivision | Colombia |
| 9 (RLIN) | 8164 |
| 650 ## - SUBJECT ADDED ENTRY--TOPICAL TERM | |
| Topical term or geographic name entry element | Derecho civil |
| Geographic subdivision | Colombia |
| 9 (RLIN) | 8165 |
| 942 ## - ADDED ENTRY ELEMENTS (KOHA) | |
| Koha item type | Libros |
| Classification part | 346.02 |
| Item part | C266c |
| Koha issues (borrowed), all copies | 8 |
| Source of classification or shelving scheme | Dewey Decimal Classification |
| Withdrawn status | Lost status | Source of classification or shelving scheme | Damaged status | Not for loan | Collection | Home library | Current library | Shelving location | Date acquired | Source of acquisition | Inventory number | Total checkouts | Full call number | Barcode | Date last seen | Date last checked out | Copy number | Price effective from | Koha item type | Public note | Total renewals |
|---|---|---|---|---|---|---|---|---|---|---|---|---|---|---|---|---|---|---|---|---|---|
| Dewey Decimal Classification | Miguel Henríquez Castañeda Barranquilla | Miguel Henríquez Castañeda Barranquilla | General | 03/02/2022 | Compra OC-12-009-21 | 04979 | 7 | 346.02 C266c | 04979 | 11/15/2024 | 11/15/2024 | ej.1 | 03/03/2022 | Libros | Compra OC-12-009-21 IIP 2021 | ||||||
| Dewey Decimal Classification | Miguel Henríquez Castañeda Barranquilla | Miguel Henríquez Castañeda Barranquilla | General | 03/02/2022 | Compra OC-12-009-21 | 04980 | 8 | 346.02 C266c | 04980 | 09/15/2025 | 09/09/2025 | ej.2 | 03/03/2022 | Libros | Compra OC-12-009-21 IIP 2021 | 1 |